[Event "BL2-Nord 9900"]
[Site "Germany"]
[Date "2000.01.09"]
[Round "4.6"]
[White "Hoerstmann, Rudi"]
[Black "Hegeler, Anja"]
[Result "1-0"]
[WhiteElo "2240"]
[BlackElo "2270"]
[PlyCount "77"]
[EventDate "1999.10.10"]
[EventType "team-tourn"]
[EventRounds "9"]
[EventCountry "GER"]
[SourceTitle "CBM 074 Extra"]
[Source "ChessBase"]
[SourceDate "2000.03.10"]
[SourceVersion "2"]
[SourceVersionDate "2000.03.10"]
[SourceQuality "1"]
[WhiteTeam "Isernhagen"]
[BlackTeam "Hamburger SK II"]
[WhiteTeamCountry "GER"]
[BlackTeamCountry "GER"]

1. d4 Nf6 2. c4 d6 3. Nf3 Nbd7 4. Nc3 c6 5. e4 e5 6. Be2 Be7 7. 0-0 0-0 8. Qc2 a6 9. a3 b5 10. Rd1 Qc7 11. h3 Re8 12. Be3 exd4 13. Nxd4 Ne5 14. cxb5 cxb5 15. f4 Ng6 16. Bd3 Bb7 17. Qf2 Bf8 18. Rac1 Qd7 19. e5 dxe5 20. Ndxb5 exf4 21. Bb6 axb5 22. Bxg6 Qe6 23. Bd3 f3 24. Re1 Qd6 25. Red1 Qe5 26. gxf3 Re6 27. Nxb5 Rxb6 28. Qxb6 Qg3+ 29. Kf1 Qxf3+ 30. Qf2 Qxh3+ 31. Ke1 Re8+ 32. Kd2 Ng4 33. Qf4 Ne5 34. Rc3 Bd6 35. Nxd6 Nxd3 36. Rxd3 Qg2+ 37. Kc1 Re7 38. Nxb7 Qxb7 39. Rd8+ 1-0

[Event "BL2-Nord 9900"]
[Site "Germany"]
[Date "1999.11.07"]
[Round "2.6"]
[White "Issing, Peter"]
[Black "Hoerstmann, Rudi"]
[Result "1-0"]
[WhiteElo "2275"]
[BlackElo "2240"]
[PlyCount "113"]
[EventDate "1999.10.10"]
[EventType "team-tourn"]
[EventRounds "9"]
[EventCountry "GER"]
[SourceTitle "CBM 074 Extra"]
[Source "ChessBase"]
[SourceDate "2000.03.10"]
[SourceVersion "2"]
[SourceVersionDate "2000.03.10"]
[SourceQuality "1"]
[WhiteTeam "Werder Bremen II"]
[BlackTeam "Isernhagen"]
[WhiteTeamCountry "GER"]
[BlackTeamCountry "GER"]

1. d4 g6 2. Nf3 Bg7 3. c4 d6 4. Nc3 Bg4 5. e3 e5 6. dxe5 dxe5 7. Qxd8+ Kxd8 8. Ng5 Nh6 9. h3 Bd7 10. b3 a5 11. Bb2 Na6 12. 0-0-0 c6 13. Be2 Kc7 14. Rd2 f6 15. Rhd1 Rad8 16. Nge4 Be6 17. Na4 Rxd2 18. Rxd2 b6 19. Bc3 Ra8 20. c5 Nxc5 21. Nexc5 bxc5 22. Nxc5 Bc8 23. Bc4 Bh8 24. g4 Kb6 25. Na4+ Kc7 26. Nc5 Kb6 27. Rd8 Bg7 28. Ne6 Nf7 29. Rg8 Bh6 30. Nc7 Kxc7 31. Bxf7 Bb7 32. Rxa8 Bxa8 33. Bxa5+ Kd6 34. Bg8 Ke7 35. Bb4+ Ke8 36. Kd2 Bg5 37. Bc5 Bb7 38. Bc4 Bc8 39. a4 h5 40. f3 f5 41. gxh5 gxh5 42. a5 Kd8 43. Bb6+ Ke7 44. a6 Kd6 45. b4 Bh4 46. a7 Bb7 47. Bf7 Kd7 48. Bxh5 Be7 49. Kc3 Ke6 50. e4 Kf6 51. exf5 Kxf5 52. Bg4+ Kf4 53. Bc7 Bh4 54. Kb3 Bf2 55. Bb8 Ba8 56. Ka4 Be1 57. Bd6 1-0

[Event "BL2-Nord 9899"]
[Site "Germany"]
[Date "1999.03.21"]
[Round "8.6"]
[White "Hoerstmann, Rudi"]
[Black "Schnabel, Ralf"]
[Result "1/2-1/2"]
[WhiteElo "2225"]
[BlackElo "2245"]
[PlyCount "99"]
[EventDate "1998.10.18"]
[EventType "team-tourn"]
[EventRounds "9"]
[EventCountry "GER"]
[SourceTitle "GER-chT2"]
[Source "ChessBase"]
[SourceDate "1999.07.01"]
[SourceVersion "1"]
[SourceVersionDate "1999.07.01"]
[SourceQuality "1"]
[WhiteTeam "Isernhagen"]
[BlackTeam "Berlin Empor"]
[WhiteTeamCountry "GER"]
[BlackTeamCountry "GER"]

1. d4 f5 2. g3 Nf6 3. Bg2 g6 4. c4 Bg7 5. Nh3 d6 6. d5 c6 7. Nc3 0-0 8. Nf4 Bd7 9. 0-0 Na6 10. Rb1 Nc7 11. b4 Ng4 12. Qb3 cxd5 13. Ncxd5 e6 14. Ne3 Nxe3 15. Bxe3 Bc6 16. Rfd1 Qe7 17. Bxc6 bxc6 18. b5 c5 19. a4 g5 20. Ng2 e5 21. a5 Ne6 22. Qd3 Nd4 23. Bxd4 cxd4 24. e4 Rac8 25. b6 axb6 26. axb6 Qf7 27. exf5 Rxc4 28. b7 Rb8 29. Qa3 Bf8 30. Qa7 Qc7 31. h4 h6 32. hxg5 hxg5 33. Ne1 d5 34. Qa6 Rc6 35. Qb5 Rc5 36. Qa6 Qc6 37. Qxc6 Rxc6 38. Rb5 Bd6 39. g4 Kf7 40. Nf3 Kf6 41. Rdb1 Rc5 42. Rb6 Ke7 43. Nxe5 Bxe5 44. Re6+ Kf7 45. Rxe5 d3 46. Rd1 Rxb7 47. Rxd3 Rb4 48. f3 Rb2 49. Rexd5 Rcc2 50. Rd7+ 1/2-1/2

[Event "BL2-Nord 9899"]
[Site "Germany"]
[Date "1999.01.31"]
[Round "5.6"]
[White "Hoerstmann, Rudi"]
[Black "Dimitrijeski, Boris"]
[Result "1-0"]
[WhiteElo "2225"]
[BlackElo "2190"]
[PlyCount "159"]
[EventDate "1998.10.18"]
[EventType "team-tourn"]
[EventRounds "9"]
[EventCountry "GER"]
[SourceTitle "GER-chT2"]
[Source "ChessBase"]
[SourceDate "1999.07.01"]
[SourceVersion "1"]
[SourceVersionDate "1999.07.01"]
[SourceQuality "1"]
[WhiteTeam "Isernhagen"]
[BlackTeam "Lichtenrade"]
[WhiteTeamCountry "GER"]
[BlackTeamCountry "GER"]

1. d4 Nf6 2. c4 g6 3. Nc3 Bg7 4. e4 d6 5. Nf3 0-0 6. Be2 e5 7. 0-0 Nc6 8. d5 Ne7 9. Bg5 h6 10. Bxf6 Bxf6 11. b4 Kg7 12. c5 Ng8 13. cxd6 cxd6 14. a4 Bg5 15. Ra2 f5 16. Rc2 Bd7 17. Bb5 Rc8 18. Qe2 a6 19. Bxd7 Qxd7 20. a5 Rc7 21. Nxg5 hxg5 22. Rfc1 Rfc8 23. Na4 Rxc2 24. Rxc2 Rxc2 25. Qxc2 Ne7 26. Nb6 Qd8 27. f3 Kf6 28. h3 Kf7 29. Kf1 f4 30. Ke2 Ke8 31. Kd3 Ng8 32. b5 axb5 33. Qb3 Nf6 34. Qxb5+ Ke7 35. Nc4 Qc7 36. Nb6 Ne8 37. Qc4 Kd8 38. Kc3 Qxc4+ 39. Kxc4 Nc7 40. Kb4 Na6+ 41. Kb5 Nc7+ 42. Kc4 Ke7 43. Na4 Kd8 44. Nb2 Ke8 45. Nd3 Ke7 46. Nf2 Ke8 47. Ng4 Ke7 48. Kb4 Kd7 49. Nf6+ Ke7 50. Nh7 Kf7 51. Nxg5+ Kf6 52. h4 Ke7 53. Nh3 Kf6 54. Ng1 Ke7 55. Ne2 Kd7 56. g4 fxg3 57. Nxg3 Na6+ 58. Kc4 Kc7 59. Ne2 Nc5 60. Nc1 Nd7 61. Nd3 Nf6 62. Kc3 Kb8 63. Kc4 Kc7 64. Nf2 Nh5 65. Nh3 Ng3 66. Ng5 Ne2 67. Ne6+ Kb8 68. Kd3 Nc1+ 69. Kc2 Ne2 70. Kd2 Ng3 71. Nf8 Ka7 72. Nxg6 Ka6 73. Ne7 Kb5 74. Nf5 Nh5 75. Nxd6+ Kxa5 76. Nxb7+ Kb6 77. Nd6 Kc5 78. Nf7 Kd4 79. d6 Kc5 80. d7 1-0